Priame zahraničné investície a zmeny v globálnych investičných procesoch diplomová práca

Uložené v:
Podrobná bibliografia
Hlavný autor: Dudek, Patrik
Korporativný autor: Národohospodárska fakulta EU. Katedra hospodárskej politiky
Ďalší autori: Vidová, Jarmila, 1967-
Médium: Kniha
Jazyk:Slovak
Vydavateľské údaje: Bratislava 2022
Tagy: Pridať tag
Žiadne tagy, Buďte prvý, kto otaguje tento záznam!

MARC

LEADER 00000nbm a2200000 4500
001 0284054
005 20221104095448.2
041 0 |a slo 
044 |a SK 
245 1 0 |a Priame zahraničné investície a zmeny v globálnych investičných procesoch  |b diplomová práca  |c Patrik Dudek ; školiteľ: Jarmila Vidová 
264 1 |a Bratislava  |c 2022 
300 |a 79 s. 
100 1 |a Dudek, Patrik 
700 1 |a Vidová, Jarmila, 1967- 
710 2 |a Národohospodárska fakulta EU. Katedra hospodárskej politiky